000 004390000a22001810004500
003 MACL
005 20150919150137.0
008 150919b xxu||||| |||| 00| 0 eng d
040 _aMACL
_cMACL
041 _aEnglish
082 _a824/THA
100 _aThapar , Romila
_9612
245 _aInterpreting Early India
260 _aNew Delhi
_bOxford University Press
_c1994
350 _a80
650 _aEssay
_98946
942 _cBK
_k824
_2ddc
999 _c3357
_d3357